[Event "12th HIT Open A"]
[Site "Nova Gorica SLO"]
[Date "2007.01.27"]
[Round "3"]
[White "Markus,Rob"]
[Black "Tratar,M"]
[Result "1-0"]
[WhiteElo "2560"]
[BlackElo "2478"]

1.d4 d6 2.Nf3 Nf6 3.c4 g6 4.Nc3 Bg7 5.e4 O-O 6.Be2 e5 7.O-O c6 8.d5 Na6 9.Bg5 h6
10.Bh4 g5 11.Bg3 Nc5 12.Nd2 a5 13.Kh1 Bd7 14.f3 Qb8 15.Bf2 Rc8 16.Qb1 Na6
17.Rc1 c5 18.Bd1 Rd8 19.Ba4 Bc8 20.Nf1 Qc7 21.Ne3 h5 22.Rg1 Bh6 23.Ne2 Kh7
24.Ng3 Rg8 25.Ngf5 Rg6 26.Qd1 Bf8 27.Qe2 Qd8 28.a3 Rb8 29.Be1 Ra8 30.Bd2 Ra7
31.Qe1 b6 32.Bc6 Nb8 33.b4 Qc7 34.Bb5 axb4 35.axb4 Na6 36.Bxa6 Bxa6 37.bxc5 Qxc5
38.Qe2 Qc7 39.Bb4 Nd7 40.Ra3 Bc8 41.Qa2 Rxa3 42.Qxa3 g4 43.fxg4 hxg4 44.Rc1 Nc5
45.Bxc5 Qxc5 46.Qa7 Kg8 47.Rf1 Bxf5 48.Nxf5 f6 49.Qa4 Qc8 50.Qc6  1-0

[Event "12th HIT Open A"]
[Site "Nova Gorica SLO"]
[Date "2007.01.27"]
[Round "3"]
[White "Srebrnic,A"]
[Black "Saric,Iv"]
[Result "1/2-1/2"]
[WhiteElo "2245"]
[BlackElo "2469"]

1.Nf3 Nf6 2.c4 g6 3.Nc3 Bg7 4.e4 d6 5.d4 O-O 6.Be2 Na6 7.O-O e5 8.Be3 Ng4
9.Bg5 Qe8 10.h3 h6 11.Bc1 exd4 12.Nxd4 Nf6 13.Bd3 Qe5 14.Nb3 c6 15.Qf3 Nd7
16.Bf4 Qe7 17.Qe3 Ne5 18.Rad1 Kh7 19.Bh2 Re8 20.f4 Nxd3 21.Qxd3 f5 22.Rfe1 Qf7
23.Qxd6 Qxc4 24.e5 Bf8 25.Qd2 Be6 26.Kh1 Be7 27.Qf2 c5 28.Bg1 Rad8 29.Qf3 Qb4
30.Rxd8 Rxd8 31.Rd1 Rxd1 32.Nxd1 Nc7 33.Qc3 Qxc3 34.bxc3 b6 35.Bf2 Kg7 36.Ne3 Nd5
37.Nxd5 Bxd5 38.Kg1 Bc4 39.g3 a5 40.Nc1 a4 41.Be1 b5 42.a3 Bd5 43.Kf2 c4
44.Na2 Bxa3 45.Nb4 Be4 46.Ke2 Bb2 47.Kd2 a3 48.Bf2 Kf7 49.Bc5 Bb1 50.h4 Ke6
51.Bf8 Kf7 52.Bc5 Ke8 53.Bd6 Ba1 54.Nc2 Bxc2 55.Kxc2 a2 56.Bb4 Kf7 57.Ba5 Ke6
58.Bb4 Kd5 59.Ba5 Kc6 60.Bb4 Kb6 61.Kc1 Kc6 62.Kc2 Kd5 63.Ba5 g5 64.hxg5 hxg5
65.Bb4 gxf4 66.gxf4 Kc6 67.Ba5 b4 68.Bxb4 Kb5 69.Kc1 Ka4 70.Kc2  1/2-1/2

[Event "12th HIT Open A"]
[Site "Nova Gorica SLO"]
[Date "2007.01.27"]
[Round "3"]
[White "Doric,D"]
[Black "Jovanovic,Zo CRO"]
[Result "1/2-1/2"]
[WhiteElo "2474"]
[BlackElo "2557"]

1.d4 d6 2.Nf3 g6 3.c4 Bg7 4.Nc3 Nf6 5.e4 O-O 6.Be2 e5 7.O-O Qe8 8.dxe5 dxe5
9.Be3 Nbd7 10.Nd5 Qd8 11.Nxf6+ Nxf6 12.Nd2 Qe7 13.c5 Rd8 14.Qc2 Ng4 15.Bxg4 Bxg4
16.Nc4 Be6 17.Na5 c6 18.Rfd1 Qc7 19.b4 Bf6 20.a3 Be7 21.h3 Rac8 22.Nc4 Bxc4  1/2-1/2

[Event "ch-SER Qualification"]
[Site "Belgrade SER"]
[Date "2007.01.28"]
[Round "6"]
[White "Arsovic,Z"]
[Black "Todorovic,J"]
[Result "1-0"]
[WhiteElo "2457"]
[BlackElo "2381"]

1.Nf3 Nf6 2.c4 g6 3.Nc3 Bg7 4.e4 d6 5.d4 O-O 6.Be2 e5 7.Be3 Ng4 8.Bg5 f6
9.Bc1 exd4 10.Nxd4 f5 11.O-O fxe4 12.Bxg4 Bxg4 13.Qxg4 Bxd4 14.Bh6 Rf7 15.Qxe4 Nc6
16.Rae1 Qf6 17.Re2 g5 18.Qe8+ Rf8 19.Qh5 Rf7 20.Ne4 Qg6 21.Qxg6+ hxg6 22.Nxg5 Re7
23.Rfe1 Rae8 24.Rxe7 Rxe7 25.Rxe7 Nxe7 26.Ne6 Bxb2 27.Nxc7 Kf7 28.Be3 a6
29.f4 Nc6 30.Bb6 Nb4 31.a4 Nd3 32.Be3 Ba3 33.Nd5 Ke6 34.g4 Nb2 35.Nb6 Bb4
36.Kg2 Ba5 37.Bd4 Bxb6 38.Bxb2 d5 39.cxd5+ Kxd5 40.Kf3 Bd8 41.g5 Ke6 42.Ke4 b5
43.axb5 axb5 44.h4 b4 45.Bd4 b3 46.h5 Kf7 47.f5 Bxg5 48.hxg6+ Ke7 49.Bb2 Bh6
50.Kf3 Bg5 51.Kg4 Bf6 52.g7  1-0

[Event "12th HIT Open A"]
[Site "Nova Gorica SLO"]
[Date "2007.01.28"]
[Round "4"]
[White "Saric,A"]
[Black "Skoberne,J"]
[Result "1-0"]
[WhiteElo "2501"]
[BlackElo "2436"]

1.d4 d6 2.Nf3 g6 3.c4 Nf6 4.Nc3 Bg7 5.e4 O-O 6.Be2 e5 7.O-O Na6 8.Re1 c6
9.Bf1 exd4 10.Nxd4 Ng4 11.h3 Qb6 12.hxg4 Qxd4 13.g5 Qxd1 14.Rxd1 Be5 15.Be3 Nc5
16.f3 f5 17.gxf6 Rxf6 18.Rd2 a5 19.Ne2 Ne6 20.Nd4 a4 21.Rad1 Kg7 22.Be2 Ra5
23.Nxe6+ Bxe6 24.Bb6 Ra8 25.Rxd6 Bxd6 26.Rxd6 Kf7 27.Bd8 g5 28.Bxf6 Kxf6
29.Kf2 Ke5 30.Rd1 h5 31.g3 h4 32.gxh4 gxh4 33.Ke3 Rf8 34.Rh1 h3 35.Bf1 Kd6
36.f4 Kc5 37.f5 Bxf5 38.exf5 Rxf5 39.Be2  1-0

[Event "12th HIT Open A"]
[Site "Nova Gorica SLO"]
[Date "2007.01.29"]
[Round "6"]
[White "Kozul,Z"]
[Black "Martinovic,Sa"]
[Result "1-0"]
[WhiteElo "2616"]
[BlackElo "2378"]

1.Nf3 Nf6 2.c4 g6 3.Nc3 Bg7 4.e4 d6 5.d4 O-O 6.Be2 e5 7.O-O exd4 8.Nxd4 Re8
9.f3 Nc6 10.Be3 Nh5 11.Qd2 Nf4 12.Rfd1 Nxd4 13.Bxd4 Bxd4+ 14.Qxd4 Nxe2+ 15.Nxe2 b6
16.Rac1 Bb7 17.Nc3 Qg5 18.b4 Rad8 19.Qd2 Qe5 20.Nb5 Qe7 21.Rc2 a6 22.Nc3 Qe5
23.Nd5 Bxd5 24.cxd5 Rd7 25.Qd3 f5 26.exf5 gxf5 27.Qxa6 Qe3+ 28.Rf2 Rde7 29.Qc4 Ra8
30.Qc2 Ra3 31.g3 f4 32.Kg2 Qe5 33.Rd3 Ra8 34.Qd2 Rf8 35.Rd4 Rg7 36.Re2 Qf5
37.Qd3 Qg5 38.Ree4 h5 39.Qd2 fxg3 40.Qxg5 Rxg5 41.hxg3 Ra8 42.Rd2 Kf7 43.Kh3 Rf5
44.f4 Ra3 45.Rc4 Kf6 46.Kh4 Ra7 47.b5 Kg6 48.a4 Rf7 49.Re2 Ra8 50.Re6+ Kf5
51.Rh6 Rg8 52.Rxh5+ Kf6 53.Re4  1-0

[Event "12th HIT Open A"]
[Site "Nova Gorica SLO"]
[Date "2007.01.30"]
[Round "7"]
[White "Lenic,L"]
[Black "Skoberne,J"]
[Result "1/2-1/2"]
[WhiteElo "2517"]
[BlackElo "2436"]

1.d4 d6 2.Nf3 g6 3.c4 Nf6 4.Nc3 Bg7 5.e4 O-O 6.Be2 e5 7.Be3 Ng4 8.Bg5 f6
9.Bh4 g5 10.Bg3 Nh6 11.d5 Nd7 12.Nd2 f5 13.exf5 Nf6 14.Nde4 Nxe4 15.Nxe4 Bxf5
16.Bd3 g4 17.Qe2 Qe8 18.O-O-O a6 19.Kb1 b5 20.c5 Qe7 21.Rc1 Rac8 22.Rc3 b4
23.Rc4 a5 24.Rhc1 Bd7 25.cxd6 cxd6 26.Rc7 Qd8 27.Qc2 Nf5 28.Rxc8 Qxc8 29.Qe2 Qb7
30.Qxg4 Kh8 31.Ng5 Qxd5 32.Bc4 Qd4 33.Qh5 Nh6 34.Ne6 Qe4+ 35.Ka1 Rc8 36.Nxg7 Rxc4
37.Qxh6 Rxc1+ 38.Qxc1 Kxg7 39.f4  1/2-1/2

[Event "ch-SER Qualification"]
[Site "Belgrade SER"]
[Date "2007.01.31"]
[Round "9"]
[White "Pavlovic,Milo2"]
[Black "Arsovic,G"]
[Result "1/2-1/2"]
[WhiteElo "2448"]
[BlackElo "2478"]

1.d4 Nf6 2.c4 g6 3.Nc3 Bg7 4.e4 d6 5.Nf3 O-O 6.Be2 e5 7.O-O c6 8.Be3 exd4
9.Bxd4 Qe7 10.Re1 Nbd7 11.Qc2 Bh6 12.Bf1 Ne5 13.Nxe5 dxe5 14.Be3 Bxe3 15.Rxe3 Rd8
16.Rd3 Rxd3 17.Qxd3 Be6 18.Rd1 Nd7 19.Qd6 Qxd6 20.Rxd6 Kf8 21.Rd2 f6 22.f3 Ke7
23.Kf2 a6 24.Ke3 b5 25.cxb5 axb5 26.b3 Nc5 27.Rb2 Kd6 28.Be2 Bd7 29.Rd2+ Ke7
30.Rb2 Rb8 31.b4 Ne6 32.a4 bxa4 33.Nxa4 Ra8 34.Nc3 Ra3 35.Kd2 Nd4 36.b5 cxb5
37.Nxb5 Nxb5 38.Bxb5 Bxb5 39.Rxb5 Ra2+ 40.Ke3 h5 41.Rb7+ Ke6 42.Rb6+ Kf7
43.Rb7+ Kg8 44.h4 Rxg2 45.Rb8+ Kg7 46.Rb7+ Kf8 47.Rb8+ Kg7 48.Rb7+ Kg8 49.Rb8+ Kh7
50.Rb7+ Kh8  1/2-1/2

[Event "12th HIT Open A"]
[Site "Nova Gorica SLO"]
[Date "2007.02.01"]
[Round "9"]
[White "Markus,Rob"]
[Black "Saric,Iv"]
[Result "1-0"]
[WhiteElo "2560"]
[BlackElo "2469"]

1.d4 Nf6 2.c4 g6 3.Nc3 Bg7 4.e4 d6 5.Nf3 O-O 6.Be2 e5 7.O-O Na6 8.Be3 Ng4
9.Bg5 Qe8 10.h3 h6 11.Bc1 Nf6 12.Bd3 exd4 13.Nxd4 Nc5 14.Re1 Nxd3 15.Qxd3 Nd7
16.Be3 Ne5 17.Qe2 Be6 18.b3 c5 19.Ndb5 Qe7 20.Rad1 Rfd8 21.Nd5 Bxd5 22.Rxd5 Nc6
23.Qd2 a6 24.Nxd6 Nb4 25.Bxc5 Nxd5 26.Qxd5 b6 27.Ba3 Bf8 28.e5 Qe6 29.f4 a5
30.Rd1 Bxd6 31.Bxd6 Qf5 32.Qd4 Rac8 33.Qxb6 Qc2 34.Rf1 a4 35.Rf2 Qb1+ 36.Kh2 axb3
37.axb3 Re8 38.Qe3 Ra8 39.c5 h5 40.f5 Ra1 41.fxg6 Qxg6 42.Qf4 Re1 43.Qd2 Rb1
44.Rf6  1-0

[Event "5th I Platonov Mem"]
[Site "Kyiv UKR"]
[Date "2007.02.03"]
[Round "1"]
[White "Shishkin,Va UKR"]
[Black "Vedmediuc,S"]
[Result "1-0"]
[WhiteElo "2474"]
[BlackElo "2380"]

1.d4 Nf6 2.c4 g6 3.Nc3 Bg7 4.e4 d6 5.Be2 e5 6.Nf3 O-O 7.Be3 h6 8.dxe5 dxe5
9.O-O Nbd7 10.Nd2 Re8 11.c5 Nf8 12.b4 Ne6 13.Bc4 a5 14.bxa5 Rxa5 15.Nb3 Ra8
16.f3 Nf4 17.Qxd8 Rxd8 18.Rfd1 Be6 19.Bf1 Bf8 20.Rxd8 Rxd8 21.g3 Bxb3 22.axb3 Ne6
23.b4 Nd4 24.Kf2 Nc2 25.Ra7 Rb8 26.Na2 Nxe3 27.Kxe3 c6 28.Nc3 Nd7 29.Kd3 Be7
30.Bh3 Nf6 31.Na4 Bd8 32.Kc4 Kf8 33.b5 cxb5+ 34.Kxb5 Be7 35.Nb6 Bd8 36.Nc4 Bc7
37.Na5 Rd8 38.Rxb7 Ne8 39.Nc4 Rd3 40.Kc6 Rc3 41.Nb6 Bxb6 42.Rxb6 Rxf3 43.Bd7 Nf6
44.Kc7 Ke7 45.Bc6 Rc3 46.Rb5 Rc4 47.Bd5 Rc1 48.Ra5 Ne8+ 49.Kc6 f5 50.Ra7+ Kd8
51.Rd7+ Kc8 52.Be6  1-0

[Event "FSIMB February"]
[Site "Budapest HUN"]
[Date "2007.02.04"]
[Round "2"]
[White "Toth,E"]
[Black "Leks,H"]
[Result "0-1"]
[WhiteElo "2283"]
[BlackElo "2172"]

1.d4 Nf6 2.c4 d6 3.Nc3 Nbd7 4.Nf3 e5 5.e4 g6 6.Be2 Bg7 7.O-O O-O 8.Qc2 Nh5
9.Rd1 Nf4 10.Bf1 c5 11.d5 Nb6 12.Ne1 f5 13.a3 a5 14.Rb1 fxe4 15.b4 Bf5 16.Be3 axb4
17.axb4 Nd3 18.Nxd3 exd3 19.Qb3 e4 20.bxc5 Nd7 21.cxd6 Ne5 22.Bf4 Bg4 23.Bg3 Bxd1
24.Rxd1 e3 25.fxe3 Ng4 26.Bxd3 Nxe3 27.Re1 Bd4 28.Kh1 Qa5 29.Ne4 Qxe1+ 30.Bxe1 Ra1
31.h3 Rxe1+ 32.Kh2 Rff1  0-1

[Event "ch-UKR U20"]
[Site "Lviv UKR"]
[Date "2007.02.04"]
[Round "5"]
[White "Serik,M"]
[Black "Vovk,Y"]
[Result "0-1"]
[WhiteElo "2285"]
[BlackElo "2497"]

1.d4 Nf6 2.c4 g6 3.Nf3 Bg7 4.Nc3 O-O 5.e4 d6 6.Be2 e5 7.O-O Na6 8.Be3 c6
9.d5 Ng4 10.Bg5 f6 11.Bh4 c5 12.Ne1 Nh6 13.Nd3 b6 14.a3 Nc7 15.b4 g5 16.Bg3 f5
17.f3 Ne8 18.a4 a5 19.bxc5 bxc5 20.Rb1 Nf6 21.Qb3 Ba6 22.Be1 g4 23.fxg4 Nfxg4
24.Bd2 Qh4 25.h3 Nf6 26.Nf2 fxe4 27.Nfd1 Bc8 28.Ne3 Qg3 29.Nb5 Bxh3 30.Rf2 Nxd5
31.Be1 Qxe3 32.cxd5 Qxb3 33.Rxb3 Rxf2 34.Kxf2 Rf8+ 35.Kg3 Bd7 36.Nxd6 Bxa4
37.Ra3 Bc2 38.Bc4 a4 39.Ba5 Rf4 40.Bb5 Bf8 41.Nc4 Nf5+ 42.Kh2 Bb3 43.Bc7 e3
44.Nxe5 c4 45.Ra1 Rh4+ 46.Kg1 Bc5 47.Nd7 Bd4 48.g3 e2+  0-1

[Event "5th I Platonov Mem"]
[Site "Kyiv UKR"]
[Date "2007.02.05"]
[Round "4"]
[White "Lutsko,I"]
[Black "Sergeev,Vl"]
[Result "1-0"]
[WhiteElo "2438"]
[BlackElo "2452"]

1.d4 Nf6 2.c4 g6 3.Nc3 Bg7 4.e4 O-O 5.Nf3 d6 6.Be2 Nbd7 7.O-O e5 8.Qc2 c6
9.Rd1 Qe7 10.Rb1 h6 11.d5 c5 12.Ne1 Nh7 13.b4 f5 14.Nd3 b6 15.f3 Rf7 16.Be3 f4
17.Bf2 h5 18.Nb5 a6 19.Nc7 Ra7 20.Ne6 Nhf8 21.bxc5 bxc5 22.Qa4 Nxe6 23.dxe6 Qxe6
24.Qc6 Nf6 25.Nxc5 dxc5 26.Rd6 Qe7 27.Qxc8+ Bf8 28.Rbb6 Rb7 29.Bh4 Rxb6 30.Rxb6 Qe8
31.Qxe8 Nxe8 32.Rxg6+ Rg7 33.Re6 Nc7 34.Rxe5 Rd7 35.Be1 Bg7 36.Rxh5 Ne6 37.e5 Nd4
38.Bd3 Nc6 39.Bh7+ Kf8 40.Rf5+ Ke7 41.Rxf4 Rd1 42.Re4 Nb4 43.Re2 Ra1 44.f4 a5
45.f5 Bxe5 46.Rxe5+ Kf6 47.Re2 Nd3 48.Kf1 a4 49.a3 Nxe1 50.Rxe1 Rxa3 51.h4 Ra2
52.g4 a3 53.g5+ Kg7 54.Re7+ Kh8 55.Ra7 Ra1+ 56.Kg2 a2 57.Bg6  1-0

[Event "Zima Rating Tournament"]
[Site "St Petersburg RUS"]
[Date "2007.02.05"]
[Round "6"]
[White "Gantsevich,A"]
[Black "Kuzmin,Yuriy"]
[Result "1/2-1/2"]
[WhiteElo "1990"]
[BlackElo "2125"]

1.d4 Nf6 2.Nf3 g6 3.c4 Bg7 4.Nc3 O-O 5.e4 d6 6.Be2 Nbd7 7.O-O e5 8.Be3 h6
9.h3 exd4 10.Nxd4 Re8 11.Qc2 Nc5 12.Bf3 a5 13.Rad1 Qe7 14.Nd5 Nxd5 15.exd5 Qf6
16.Be2 Re7 17.b3 Bd7 18.Qc1 Rae8 19.Bg4 Bxg4 20.hxg4 Qh4 21.Nf3 Qxg4 22.Bxh6 Bf6
23.Qf4 Qxf4 24.Bxf4 Re2 25.Bd2 a4 26.bxa4 Nxa4 27.Rb1 Nb2 28.Bc1 Ra8 29.Re1 Rxe1+
30.Nxe1 Rxa2 31.Bxb2 Rxb2 32.Rxb2 Bxb2 33.Kf1 Kg7 34.Ke2 Bd4 35.f3 Kf6 36.Kd3 Bf2
37.Nc2 Ke5 38.Na3 f5 39.Nb5 Bb6 40.Nc3 g5 41.Nb5 c6 42.dxc6 bxc6 43.Nc3 Ba7
44.Ne2 Bf2 45.Nc3 d5 46.cxd5 cxd5 47.Ne2 Ba7 48.Nc3 Bf2 49.Ne2 d4 50.Nc1 Bg1
51.Ke2 Be3 52.Nd3+ Kd5 53.Ne1 Kc4 54.Nd3 Bf4 55.Ne1 Be5 56.Nd3 Kd5 57.Nc1 Bc7
58.Nd3 Ke6 59.Nc5+ Kd5 60.Nd3 Bb6 61.Nb4+ Ke5 62.Nd3+ Kf6 63.Ne1 Kg6 64.Nd3 Kh5
65.Nb4 Kh4 66.Nd3 Kg3 67.Kf1 Ba7 68.Nf2 Bb6 69.Nd3 g4 70.fxg4 Kxg4 71.Ke2 Kg3
72.Kf1 Ba5 73.Nc5 Bc3 74.Nd3 Ba1 75.Nc5 Kg4 76.Ke2 f4 77.Nd3 Bc3 78.Nc5 Bb4
79.Nd3 Bd6 80.Ne1 Kg3 81.Kf1 Bb4 82.Nd3 Bc5 83.Nxc5 f3 84.gxf3 Kxf3 85.Nd3 Ke3
86.Nf2 Kd2 87.Ne4+ Kc2 88.Ke2 d3+ 89.Ke3  1/2-1/2

[Event "39th Giorgi Tringov"]
[Site "Plovdiv BUL"]
[Date "2007.02.06"]
[Round "2"]
[White "Dimitrov,Vl"]
[Black "Jordanova,S"]
[Result "1-0"]
[WhiteElo "2462"]
[BlackElo "2245"]

1.d4 Nf6 2.c4 g6 3.Nc3 Bg7 4.e4 d6 5.Nf3 O-O 6.Be2 Na6 7.O-O e5 8.Be3 Ng4
9.Bg5 Qe8 10.c5 h6 11.Bh4 exd4 12.Nd5 g5 13.Bg3 dxc5 14.Bxa6 bxa6 15.Nxc7 Qxe4
16.Re1 Qc6 17.Nxa8 Qxa8 18.Rc1 Qd5 19.Qb3 Qf5 20.Qa3 Rd8 21.h3 Nf6 22.Rxc5 Rd5
23.Nxd4 Qd7 24.Rc7  1-0

[Event "ch-UKR U20"]
[Site "Lviv UKR"]
[Date "2007.02.10"]
[Round "11"]
[White "Serik,M"]
[Black "Vovk,A"]
[Result "1/2-1/2"]
[WhiteElo "2285"]
[BlackElo "2487"]

1.d4 Nf6 2.c4 g6 3.Nf3 Bg7 4.Nc3 O-O 5.e4 d6 6.Be2 e5 7.O-O Na6 8.Be3 c6
9.d5 Ng4 10.Bg5 f6 11.Bh4 c5 12.Ne1 h5 13.h3 Nh6 14.Nd3 Nf7 15.Rb1 b6 16.b4 Nxb4
17.Nxb4 cxb4 18.Rxb4 Bh6 19.a4 Bd7 20.Qc2 Kg7 21.Bg3 Qc8 22.Ra1 h4 23.Bxh4 Bf4
24.Rb3 Rh8 25.Bg3 Bxg3 26.fxg3 Qc5+ 27.Kf1 Rxh3 28.gxh3 Bxh3+ 29.Ke1 Qg1+
30.Kd2 Qxa1 31.c5 Qg1 32.c6 Qxg3 33.Kc1 Rh8 34.Nb5 Qe1+ 35.Qd1 Qa5 36.Rxh3 Rxh3
37.c7 Rh8 38.Qc2 a6 39.Na7 b5 40.c8=Q Rxc8 41.Nxc8 bxa4 42.Ne7 a3 43.Kb1 Qd8
44.Nc8 Qa5 45.Ka2 f5 46.exf5 gxf5 47.Ne7 Kf6 48.Nxf5 Qxd5+ 49.Bc4 Qf3 50.Nh4 Qg4
51.Ng2 Qd4 52.Bxa6 Ng5 53.Kxa3 Ne4 54.Bc8 Qa7+ 55.Kb2 Qb6+ 56.Kc1 Qd4 57.Kb1 Nc3+
58.Kc1 e4 59.Qd2 Na2+ 60.Kd1 Nc3+ 61.Kc2 Qxd2+  1/2-1/2

[Event "ch-St Petersburg sf"]
[Site "St Petersburg RUS"]
[Date "2007.02.10"]
[Round "1"]
[White "Biriukov,O"]
[Black "Kazakevich,G"]
[Result "1-0"]
[WhiteElo "2374"]
[BlackElo "2115"]

1.d4 Nf6 2.c4 d6 3.Nf3 g6 4.Nc3 Bg7 5.e4 Nbd7 6.Be2 O-O 7.O-O e5 8.Qc2 Re8
9.Rd1 exd4 10.Nxd4 Nc5 11.f3 a5 12.Ndb5 h6 13.Be3 b6 14.a3 Bd7 15.b4 Nb7
16.Rab1 Bxb5 17.Nxb5 Qe7 18.Nc3 Nd8 19.Bf1 Ne6 20.Nd5 Nxd5 21.cxd5 Nd8 22.Rbc1 axb4
23.axb4 Ra7 24.Qd2 h5 25.Bb5 Rf8 26.Rc2 f6 27.Ra2 Rxa2 28.Qxa2 Nf7 29.Qa7 f5
30.Bxb6 fxe4 31.Qxc7 Qxc7 32.Bxc7 Rc8 33.Ba5 exf3 34.gxf3 Ne5 35.f4 Nf3+
36.Kg2 Rc3 37.Be2 Nh4+ 38.Kf1 Nf5 39.Rb1 Ra3 40.Bb6 Bh6 41.b5 Bxf4 42.Bg1 Ne3+
43.Bxe3 Bxe3 44.b6 Ra8 45.b7 Rf8+ 46.Ke1 Ba7 47.Ra1 Bb8 48.Rc1 Kf7 49.Rc8 Ke7
50.h4 Rd8 51.Bf1 Ba7 52.Bh3 Re8 53.Be6 Bb8 54.Ke2 Ba7 55.Kd3 Bb8 56.Kc4 Ba7
57.Ra8 Bb8 58.Kb5 Kf6 59.Kc6 g5 60.hxg5+ Kxg5 61.Rxb8 Rxb8 62.Kc7 Rxb7+ 63.Kxb7 Kf6
64.Kc6 Ke5 65.Bc8  1-0

[Event "ch-St Petersburg sf"]
[Site "St Petersburg RUS"]
[Date "2007.02.15"]
[Round "6"]
[White "Zacurdajev,M"]
[Black "Kulikov,E"]
[Result "1-0"]
[WhiteElo "2374"]
[BlackElo "2260"]

1.d4 Nf6 2.c4 g6 3.Nc3 Bg7 4.Nf3 d6 5.e4 O-O 6.Be2 e5 7.Be3 c6 8.O-O exd4
9.Nxd4 Re8 10.f3 d5 11.cxd5 cxd5 12.Qb3 dxe4 13.Bc4 Rf8 14.Rad1 Qe7 15.Nxe4 Nxe4
16.fxe4 Nd7 17.Bxf7+ Rxf7 18.Ne6 Nf8 19.Nxg7 Kxg7 20.Rxf7+ Qxf7 21.Bh6+ Kg8
22.Rd8 Be6 23.Rxa8 Bxb3 24.axb3 a5 25.Rxf8+ Qxf8 26.Bxf8 Kxf8 27.Kf2 Ke7
28.Ke3 Ke6 29.Kd4 h6 30.e5 b6 31.g4 h5 32.h3 b5 33.Ke4 Ke7 34.Kd5 Kd7 35.e6+ Ke7
36.Ke5 hxg4 37.hxg4 g5 38.Kf5 b4 39.Ke5  1-0

[Event "ch-St Petersburg sf"]
[Site "St Petersburg RUS"]
[Date "2007.02.16"]
[Round "7"]
[White "Shimanov,A"]
[Black "Frolochkin,V"]
[Result "1-0"]
[WhiteElo "2419"]
[BlackElo "2232"]

1.d4 Nf6 2.Nf3 g6 3.c4 Bg7 4.Nc3 O-O 5.e4 d6 6.Be2 e5 7.Be3 Ng4 8.Bg5 f6
9.Bc1 Nc6 10.d5 Ne7 11.h3 Nh6 12.h4 Nf7 13.h5 c6 14.hxg6 hxg6 15.Bd2 a6 16.Qb3 cxd5
17.cxd5 b5 18.g4 Bd7 19.Nh4 Rb8 20.Nd1 Ng5 21.Qd3 b4 22.Ne3 Bb5 23.Qb1 Bxe2
24.Kxe2 Qd7 25.f3 Nf7 26.Qd3 Bh6 27.Nhg2 Kg7 28.Qxa6 Rh8 29.Qd3 Qa7 30.Qb3 Qa6+
31.Qc4 Qb6 32.Rac1 Qb7 33.Kf2 Rbc8 34.Qxb4 Bxe3+ 35.Nxe3 Qa7 36.Qa5 Qd4 37.Bc3 Rxh1
38.Rxh1 Rc5 39.Qa7 Rxc3 40.Qxd4 exd4 41.bxc3 dxe3+ 42.Kxe3 Ne5 43.a4 Nc8
44.Rb1 Nb6 45.Rb4 Nbc4+ 46.Ke2 g5 47.Rb5 Kf7 48.a5 Nd7 49.Rb7 Ke7 50.a6 Nb6
51.a7 Na8 52.Kf1  1-0

[Event "Meurthe et Moselle IM"]
[Site "Nancy FRA"]
[Date "2007.02.22"]
[Round "6"]
[White "Spielmann,Al"]
[Black "Gladyszev,O"]
[Result "1/2-1/2"]
[WhiteElo "2228"]
[BlackElo "2455"]

1.d4 Nf6 2.Nf3 g6 3.c4 Bg7 4.Nc3 O-O 5.e4 d6 6.Be2 e5 7.O-O Na6 8.Be3 Ng4
9.Bg5 Qe8 10.dxe5 dxe5 11.h3 f6 12.Bd2 Nh6 13.c5 Nxc5 14.Qc1 Nf7 15.Nd5 Ne6
16.Nxc7 Nxc7 17.Qxc7 Nd8 18.Bc4+ Be6 19.Rac1 Rf7 20.Bxe6 Qxe6 21.Qc4 Rd7
22.Be3 Qxc4 23.Rxc4 Bf8 24.Rfc1 Nc6 25.Kf1 Rad8  1/2-1/2

[Event "14th Belisce Metalis Open"]
[Site "Bizovac CRO"]
[Date "2007.02.23"]
[Round "4"]
[White "Feletar,D"]
[Black "Kljako,D"]
[Result "1/2-1/2"]
[WhiteElo "2390"]
[BlackElo "2189"]

1.d4 g6 2.Nf3 Bg7 3.c4 d6 4.Nc3 Nd7 5.e4 e5 6.Be2 Ngf6 7.O-O O-O 8.Re1 Re8
9.d5 h6 10.Nd2 Nh7 11.b4 f5 12.Nb3 Ng5 13.f3 fxe4 14.fxe4 Nf6 15.Qd3 Rf8
16.Be3 Bg4 17.Nd2 Bxe2 18.Nxe2 Ng4 19.Rf1 Qe7 20.c5 b6 21.Nc3 h5 22.Rxf8+ Rxf8
23.Rf1 Bh6 24.cxd6 cxd6 25.Nd1  1/2-1/2

[Event "Bundesliga 2006-7"]
[Site "Muelheim Nord GER"]
[Date "2007.02.24"]
[Round "10"]
[White "Bunzmann,D"]
[Black "Souleidis,G"]
[Result "1-0"]
[WhiteElo "2530"]
[BlackElo "2401"]

1.c4 g6 2.d4 Bg7 3.Nc3 Nf6 4.e4 d6 5.Nf3 O-O 6.Be2 e5 7.O-O Na6 8.Re1 Qe8
9.Bf1 Bg4 10.d5 Nb4 11.Be2 a5 12.Rb1 Na6 13.Be3 Nc5 14.Nd2 Bd7 15.b3 Kh8
16.a3 Ng8 17.b4 axb4 18.axb4 Na4 19.Nxa4 Bxa4 20.Qc1 f5 21.f3 Bd7 22.c5 Nf6
23.Qc2 fxe4 24.fxe4 Bb5 25.Nc4 Bxc4 26.Qxc4 Ra3 27.Bf3 Qa4 28.Bd1 Qa8 29.h3 h5
30.Bb3 Kh7 31.Bf2 Rf7 32.b5 Bf8 33.b6 cxb6 34.c6 Ra6 35.Qb5 Rc7 36.Rbc1 Bh6
37.Rc2 bxc6 38.dxc6 Ra1 39.Qxb6 Rxe1+ 40.Bxe1 Ne8 41.Bd5 Qa1 42.Kf1 Qd1 43.Re2 Rg7
44.Qb3 Qa1 45.Qc3 Qd1 46.Bb3 Qb1 47.Qb4 Qc1 48.Qc4 Qb1 49.Ra2 d5 50.exd5 Rf7+
51.Rf2 Rxf2+ 52.Kxf2 Nd6 53.Qc2 Qa1 54.c7 Qd4+ 55.Kf1 Be3 56.Ke2 Bg5 57.Bf2 Qb4
58.Kf1 e4 59.Bc5 Qb5+ 60.Kg1 Nc8 61.d6 Bf4 62.Qc4 Qa5 63.Qg8+ Kh6 64.Qf8+ Kg5
65.h4+ Kg4 66.Bd1+ Kxh4 67.Qxf4+  1-0

[Event "Magistral II"]
[Site "Necochea ARG"]
[Date "2007.02.24"]
[Round "7"]
[White "Granara Barreto,S"]
[Black "Orsini,A"]
[Result "1-0"]
[WhiteElo "2253"]
[BlackElo "2370"]

1.d4 Nf6 2.Nf3 g6 3.c4 Bg7 4.Nc3 O-O 5.e4 d6 6.Be2 Na6 7.O-O e5 8.Be3 Ng4
9.Bg5 Qe8 10.h3 h6 11.Bd2 Nf6 12.dxe5 dxe5 13.Be3 Qe7 14.Nd5 Qd8 15.Nxf6+ Qxf6
16.c5 Nb8 17.Qb3 Nc6 18.Rad1 Kh7 19.a3 Qe7 20.Qc2 f5 21.b4 a6 22.Rfe1 f4
23.Bc1 Bf6 24.Bb2 h5 25.Nh2 Rg8 26.Bf3 Be6 27.Bc3 Kh6 28.g4 fxg3 29.fxg3 Bxh3
30.Nf1 Bxf1 31.Rxf1 Bg5 32.Kg2 Kg7 33.Rd5 Be3 34.Rfd1 Bd4 35.Bd2 Nd8 36.Be3 Ne6
37.Qe2 Rh8 38.Qc4 Rad8 39.Bc1 h4 40.Rxd8 Rxd8 41.Rh1 Rh8 42.Bg4 Ng5 43.Qd5 c6
44.Bxg5 cxd5 45.Bxe7 dxe4 46.Rf1 Re8 47.Bxh4 e3 48.Bf6+ Kg8 49.Be2 g5 50.Bc4+ Kh7
51.Bf7  1-0

[Event "Interclubes Paulista"]
[Site "Sao Paulo BRA"]
[Date "2007.02.24"]
[Round "1"]
[White "Lee,O"]
[Black "Batista,Re2"]
[Result "1/2-1/2"]
[WhiteElo "2288"]
[BlackElo "2261"]

1.d4 Nf6 2.c4 g6 3.Nc3 Bg7 4.e4 d6 5.Be2 O-O 6.Nf3 Nbd7 7.O-O e5 8.Be3 c6
9.Qc2 Ng4 10.Bg5 f6 11.Bh4 Nh6 12.dxe5 dxe5 13.b4 Qe7 14.c5 a5 15.a3 axb4
16.axb4 Rxa1 17.Rxa1 Rd8 18.Rd1 g5 19.Bg3 Nf8 20.h3 Be6 21.Rxd8 Qxd8 22.Nd1 Nf7
23.Ne3 Nd7 24.Bc4 Qe8 25.Nd2 b6 26.Nb3 Bf8 27.Bxe6 Qxe6 28.cxb6 Nxb6 29.Nc5 Qe8
30.f3 Nd7 31.Nd3 Nb8 32.Qc4 Kh8 33.h4 Nd6 34.Qa2 h6 35.hxg5 hxg5 36.Qa1 Qc8
37.Nc5 Nb5 38.Nc4 Bxc5+ 39.bxc5 Qc7 40.Kf2 Qa7 41.Qxa7 Nxa7 42.Nxe5 Na6 43.Nd3 Kg7
44.Ke3 Kf7 45.Kd4 Nb5+ 46.Kc4 Ke6 47.Be1 Kd7 48.Bd2 Ke6 49.Bc1 Nb8 50.Bb2 Nd7
51.Nb4 Na7 52.Bc1 Ne5+ 53.Kd4 Nb5+ 54.Ke3 Nd7 55.Nd3 Nc3 56.Kd2 Nb5 57.Bb2 Nc7
58.Ke3 Na6 59.Bd4 Nc7 60.Nb4 Nb8 61.g3 Nca6 62.Nd3 Nd7 63.f4 gxf4+ 64.Kxf4 Nf8
65.Kg4 Ng6 66.Kh5 Nf8 67.g4 Kf7 68.Be3  1/2-1/2

[Event "Meurthe et Moselle IM"]
[Site "Nancy FRA"]
[Date "2007.02.25"]
[Round "9"]
[White "Pucher,S"]
[Black "Bakalarz,M"]
[Result "1/2-1/2"]
[WhiteElo "2254"]
[BlackElo "2378"]

1.d4 Nf6 2.c4 d6 3.Nc3 e5 4.Nf3 Nbd7 5.e4 g6 6.Be2 Bg7 7.O-O O-O 8.Be3 Ng4
9.Bg5 f6 10.Bh4 Nh6 11.Qd2 Nf7 12.dxe5 dxe5 13.b4 a5 14.a3 c6 15.Rfd1 Qc7
16.Qb2 Rd8 17.c5 axb4 18.axb4 Rxa1 19.Rxa1 b6 20.cxb6 Nxb6 21.Nd2 Rd4 22.Nf3 f5
23.Rc1 fxe4 24.Nxd4 exd4 25.Nxe4 Qf4 26.Bd3 Qxh4 27.Rxc6 Qd8 28.Qb3 Kf8 29.b5 Ne5
30.Qa3+ Qe7 31.Qxe7+ Kxe7 32.Rxb6 Nxd3 33.Rc6 Bd7 34.Rc7 Be5 35.Ra7 Kd8 36.b6 Kc8
37.Ra5 Bc6 38.Nc5 Nb4 39.Nb3 Bd5 40.b7+ Kb8 41.Nc5 Kc7 42.b8=Q+ Kxb8 43.Nd7+ Kc7  1/2-1/2

[Event "Interclubes Paulista"]
[Site "Sao Paulo BRA"]
[Date "2007.02.25"]
[Round "3"]
[White "D'Israel,D"]
[Black "Madeira,W"]
[Result "1-0"]
[WhiteElo "2277"]
[BlackElo "2265"]

1.d4 Nf6 2.c4 g6 3.Nc3 Bg7 4.e4 d6 5.Be2 O-O 6.Nf3 e5 7.d5 a5 8.O-O Na6 9.Qc2 Nh5
10.Re1 Nf4 11.Bf1 f5 12.Bxf4 exf4 13.e5 dxe5 14.Nxe5 g5 15.Qd2 Nc5 16.Rad1 Ra6
17.Nd3 Nxd3 18.Bxd3 Rh6 19.c5 Bd7 20.Bc4 Kh8 21.Bb5 f3 22.Bxd7 Qxd7 23.Qe3 f4
24.Qxf3 g4 25.Qd3 Qf5 26.d6 cxd6 27.cxd6 Qh5 28.h3 gxh3 29.Qxh3 Qc5 30.Ne4 Qb5
31.Qf3 Rd8 32.b3 Qf5 33.d7 Rxd7 34.Rxd7 Qxd7 35.Qxf4 Re6 36.Rc1 h6 37.Nc5 Qe7
38.Nxe6 Qxe6 39.Qb8+ Kh7 40.Qxb7 Qd6 41.Qe4+ Kg8 42.Rc8+ Bf8 43.Qf5  1-0

[Event "Open"]
[Site "Champs sur Marne FRA"]
[Date "2007.03.02"]
[Round "2"]
[White "Pozdnjakov,E"]
[Black "Garcia,Fre"]
[Result "1-0"]
[WhiteElo "2252"]
[BlackElo "1991"]

1.d4 Nf6 2.Nf3 g6 3.c4 Bg7 4.Nc3 d6 5.e4 O-O 6.Be2 e5 7.Be3 Ng4 8.Bg5 f6
9.Bh4 Qe8 10.dxe5 Nxe5 11.Nd4 Qf7 12.b3 Nbc6 13.Nxc6 bxc6 14.c5 g5 15.Bg3 f5
16.Bxe5 Bxe5 17.Qd2 Bxc3 18.Qxc3 fxe4 19.Qg3 Qf6 20.Rd1 d5 21.h4 Qf4 22.Qxg5+ Qxg5
23.hxg5 Bf5 24.f3 a5 25.Rd4 a4 26.b4 a3 27.Kd2 Bg6 28.Rh4 exf3 29.gxf3 Bb1
30.Bd3 Bxa2 31.Rxh7 Rxf3 32.Rxc7 Bb3 33.Bh7+ Kh8 34.Rh4 a2 35.Bf5+ Kg8 36.Be6+ Rf7
37.Bxf7+ Kg7 38.Rh1 a1=Q 39.Rxa1 Rxa1 40.Bxd5+  1-0

[Event "X Malaga Open"]
[Site "Campillos ESP"]
[Date "2007.03.03"]
[Round "9"]
[White "Pilaj,H"]
[Black "Naranjo Moreno,A"]
[Result "1-0"]
[WhiteElo "2373"]
[BlackElo "2224"]

1.Nf3 Nf6 2.d4 g6 3.c4 Bg7 4.Nc3 O-O 5.e4 d6 6.Be2 e5 7.Be3 Na6 8.O-O Ng4
9.Bg5 Qe8 10.h3 h6 11.Bc1 exd4 12.Nxd4 Nf6 13.Bf3 Nc5 14.Re1 Ne6 15.Nxe6 Bxe6
16.Qb3 Nd7 17.Qxb7 Ne5 18.Be2 Bxc4 19.Qxc7 Qe6 20.Bxc4 Nxc4 21.Nd5 Nxb2 22.Bxb2 Bxb2
23.Rab1 Bg7 24.Rb7 Kh7 25.Rxa7 Rxa7 26.Qxa7 f5 27.Qe7 Qxe7 28.Nxe7 fxe4 29.Rxe4 Re8
30.f3 Bf8 31.Nxg6  1-0